000 00345pam a2200157a 44500
008 230515b2001 xxu||||| |||| 00| 0 eng d
020 _aNULL
041 _aENG
082 _a618.1
100 _aD C Dutta
245 _aText book of Gynaecology 3rd ed
250 _a3rd
260 _aNULL
_b", nd, "
_c2001
300 _a604
650 _aN.D.
999 _c522332
_d522332